| 000 | 00426nam a22001817a 4500 | ||
|---|---|---|---|
| 003 | MPLRDC | ||
| 005 | 20220104203747.0 | ||
| 008 | 210129b ||||| |||| 00| 0 eng d | ||
| 020 | _a978-986-477-465-4 | ||
| 082 | _a719 HZ | ||
| 100 | _a浩子(谢炘昊) | ||
| 245 |
_a流浪日记 _c |
||
| 250 | _a初版 | ||
| 260 |
_a台湾 _b商周出版 _c2018 |
||
| 300 | _b平 | ||
| 650 | _a世界游记 | ||
| 942 |
_cNB _o719 HZ |
||
| 999 |
_c68281 _d68271 |
||